00305nam a2200121Ia 4500008004100000041001200041082001100053100001800064245007400082260000600156650000600162700001500168221030s9999 xx 000 0 und d aEnglish a105.23 aA. Chakrabati 2aA Text Book On Power System Engineeringcby A. Chakrabati, M. L. Soni c0 aB aM. L. Soni